Vplyv členstva SR v EÚ na možnosť presadzovania národných záujmov na pôde WTO
Právomoci v medzinárodných a nadnárodných organizáciách. Orgány a rozdelenie kompetencií vo WTO a v spoločnej obchodnej politike EÚ. Rozhodovacie procedúry vo WTO a v EÚ a postavenie SR. Možnosti presadenia záujmov SR vo WTO sa zmenšili, dôvodom je potreba presadenia národných záujmov najskôr na pôd...
Uložené v:
| Hlavný autor: | |
|---|---|
| Médium: | Kapitola |
| Jazyk: | Slovak |
| Predmet: | |
| Tagy: |
Žiadne tagy, Buďte prvý, kto otaguje tento záznam!
|
MARC
| LEADER | 00000naa$a2200000$$$4500 | ||
|---|---|---|---|
| 001 | 0060708 | ||
| 005 | 20240502071655.9 | ||
| 041 | 0 | |a slo | |
| 044 | |a SK | ||
| 245 | 1 | 0 | |a Vplyv členstva SR v EÚ na možnosť presadzovania národných záujmov na pôde WTO |c Zuzana Silná |
| 520 | |a Právomoci v medzinárodných a nadnárodných organizáciách. Orgány a rozdelenie kompetencií vo WTO a v spoločnej obchodnej politike EÚ. Rozhodovacie procedúry vo WTO a v EÚ a postavenie SR. Možnosti presadenia záujmov SR vo WTO sa zmenšili, dôvodom je potreba presadenia národných záujmov najskôr na pôde Rady EÚ. | ||
| 610 | 2 | 0 | |a Slovensko |
| 610 | 2 | 0 | |a Európska únia |
| 610 | 2 | 0 | |a rozhodovanie |
| 610 | 2 | 0 | |a organizácie obchodné |
| 610 | 2 | 0 | |a WTO |
| 100 | 1 | |a Silná, Zuzana | |